00710nam a2200145Ia 4500008004100000050002400041100002800065245020200093260008600295300002000381521003000401942000700431999001900438952010700457140724s9999 xx 000 0 und d aHF 5549b.D331 2011 adela Peña, Arsenio L. aPerception of the SISC basic education faculty on the impact of the core curricular training programs on the extent of their self-efficacy and level of job motivation /cArsenio L. dela Peña III. aLas Piñas, Philippines :bSouthville International School and Colleges,cc2011. a50 p. :c28 cm. aHuman Resource Management cTH c228962d228962 001040aCLbCLcTHESESd2014-07-24l0oHF 5549 .D331 2011pT0316r2018-05-15 00:00:00w2014-07-24yTH